Animali con la "C" - Statistics

Statistiche generali
  • Questo quiz è stato fatto 284 volte
  • Il punteggio medio è 9 su 15
Statistiche sulle risposte
suggerimento risposta % Corretto
Molto simile a dromedario, ma con due gobbe. Cammello
100%
il migliore amico dell'uomo Cane
98%
Capriola al maschile Capriolo
90%
Animale cavalcato dall'uomo Cavallo
90%
Simile all'alligatore, ma non il coccodrillo Caimano
68%
La puntura di un _________ killer può uccidere. Calabrone
65%
I suoi occhi possono guardare in due direzioni diverse contemporaneamente Camaleonte
63%
Uccello che per trovare il nome basta fare cane nel modo diminutivo Canarino
56%
Simile alla balena ma con il muso rettangolare Capodoglio
56%
è discendente addomesticato dell'egagro Capra
50%
Animale simile allo stambecco che vive su tutte le montagne d'Europa. Camoscio
48%
Animale odiato per la sua puzza Cimice
48%
Si dice che siano i "mostri degli abissi". Calamari giganti
42%
Animale che appena nato è grande quanto un fagiolo rosso Canguro
30%
Il suo nome scientifico è Hydrochoerus hydrochaeris
Capibara
16%
Nessun quiz corrispondente trovato
Distribuzione punteggi
Percentuale di utenti per punteggio
Percentile per numero di risposta
I tuoi punteggi nel tempo
Non hai fatto questo quiz